000
00249nam a2200109Ia 4500
008
190216s9999||||xx |||||||||||||| ||und||
100
_a
Jai Narayan Vaish
245
0
_a
Book-Keeping And Accounts
260
_b
Null
_c
1982
300
_a
360p
942
_c
BK
999
_c
4956
_d
4956